<?xml version="1.0" encoding="UTF-8"?>
<record
    xmlns:xsi="http://www.w3.org/2001/XMLSchema-instance"
    xsi:schemaLocation="http://www.loc.gov/MARC21/slim http://www.loc.gov/standards/marcxml/schema/MARC21slim.xsd"
    xmlns="http://www.loc.gov/MARC21/slim">

  <leader>01361nam a2200277 a 4500</leader>
  <controlfield tag="005">20240516131436.0</controlfield>
  <controlfield tag="008">100831s2012||||sp d   f |||| 001 0 spa d</controlfield>
  <datafield tag="020" ind1=" " ind2=" ">
    <subfield code="a">9788497843096</subfield>
  </datafield>
  <datafield tag="041" ind1=" " ind2=" ">
    <subfield code="h">spa</subfield>
  </datafield>
  <datafield tag="092" ind1=" " ind2=" ">
    <subfield code="c">300.1</subfield>
    <subfield code="l">15</subfield>
    <subfield code="s">DEN</subfield>
  </datafield>
  <datafield tag="100" ind1="1" ind2=" ">
    <subfield code="a">Denzin, Norman K.</subfield>
    <subfield code="e">Comp.</subfield>
    <subfield code="9">1995</subfield>
  </datafield>
  <datafield tag="245" ind1=" " ind2=" ">
    <subfield code="a">Manual de investigaci&#xF3;n cient&#xED;fica. </subfield>
    <subfield code="b">Vol.2  Paradigmas y perspectivas en disputa /</subfield>
    <subfield code="c">Norman K. Denzin</subfield>
  </datafield>
  <datafield tag="250" ind1=" " ind2=" ">
    <subfield code="a">1a ed.</subfield>
    <subfield code="b">Traducci&#xF3;n Ver&#xF3;nica Weinstabl de Iraola</subfield>
  </datafield>
  <datafield tag="260" ind1=" " ind2=" ">
    <subfield code="a">Barcelona: </subfield>
    <subfield code="b">Gedisa;</subfield>
    <subfield code="c">2011.</subfield>
  </datafield>
  <datafield tag="300" ind1=" " ind2=" ">
    <subfield code="a">380 p.</subfield>
  </datafield>
  <datafield tag="500" ind1=" " ind2=" ">
    <subfield code="a">Denzin, N. K. y Lincoln, Y. S. (Comps.). (2011). Manual de investigaci&#xF3;n cualitativa. Vol. 2 Paradigmas y perspectivas en disputa. (1a ed.). Barcelona : Gedisa.</subfield>
  </datafield>
  <datafield tag="653" ind1=" " ind2=" ">
    <subfield code="a">Controversias paradigm&#xE1;ticas, contradicciones y confluencias emergentes</subfield>
  </datafield>
  <datafield tag="653" ind1=" " ind2=" ">
    <subfield code="a">Etnograf&#xED;a cr&#xED;tica. La pol&#xED;tica de la colaboraci&#xF3;n</subfield>
  </datafield>
  <datafield tag="653" ind1=" " ind2=" ">
    <subfield code="a">Investigaci&#xF3;n cualitativa feminista de principios del milenio. Desafios y perfiles</subfield>
  </datafield>
  <datafield tag="653" ind1=" " ind2=" ">
    <subfield code="a">Papel activista moral de los estudiosos de la teor&#xED;a cr&#xED;tica de la raza</subfield>
  </datafield>
  <datafield tag="653" ind1=" " ind2=" ">
    <subfield code="a">Replanteo de la teor&#xED;a cr&#xED;tica y de la investigaci&#xF3;n cualitativa</subfield>
  </datafield>
  <datafield tag="653" ind1=" " ind2=" ">
    <subfield code="a">Metodolog&#xED;as para los estudios culturales. Un enfoque integrador</subfield>
  </datafield>
  <datafield tag="653" ind1=" " ind2=" ">
    <subfield code="a">Humanismo cr&#xED;tico y la teor&#xED;a queer. Vivir con las tensiones</subfield>
  </datafield>
  <datafield tag="700" ind1="1" ind2=" ">
    <subfield code="a">Lincoln, Yvonna S.</subfield>
    <subfield code="9">1996</subfield>
    <subfield code="e">Comp.</subfield>
  </datafield>
  <datafield tag="942" ind1=" " ind2=" ">
    <subfield code="2">ddc</subfield>
    <subfield code="c">BK</subfield>
  </datafield>
  <datafield tag="999" ind1=" " ind2=" ">
    <subfield code="c">1279</subfield>
    <subfield code="d">1279</subfield>
  </datafield>
  <datafield tag="952" ind1=" " ind2=" ">
    <subfield code="0">0</subfield>
    <subfield code="1">0</subfield>
    <subfield code="2">ddc</subfield>
    <subfield code="4">0</subfield>
    <subfield code="7">0</subfield>
    <subfield code="a">BFM</subfield>
    <subfield code="b">BFM</subfield>
    <subfield code="c">REF</subfield>
    <subfield code="d">2013-03-19</subfield>
    <subfield code="e">PROMED</subfield>
    <subfield code="g">370.00</subfield>
    <subfield code="l">0</subfield>
    <subfield code="o">300.1 15 DEN</subfield>
    <subfield code="p">2816</subfield>
    <subfield code="r">2014-11-06</subfield>
    <subfield code="t">ej.1</subfield>
    <subfield code="w">2013-03-19</subfield>
    <subfield code="y">BK</subfield>
    <subfield code="z">COMPRA PROMED 2DA ETAPA, MARZO 2013</subfield>
  </datafield>
  <datafield tag="952" ind1=" " ind2=" ">
    <subfield code="0">0</subfield>
    <subfield code="1">0</subfield>
    <subfield code="2">ddc</subfield>
    <subfield code="4">0</subfield>
    <subfield code="7">0</subfield>
    <subfield code="a">BFM</subfield>
    <subfield code="b">BFM</subfield>
    <subfield code="c">CR</subfield>
    <subfield code="d">2013-03-19</subfield>
    <subfield code="e">PROMED</subfield>
    <subfield code="g">370.00</subfield>
    <subfield code="l">1</subfield>
    <subfield code="o">300.1 15 DEN</subfield>
    <subfield code="p">2817</subfield>
    <subfield code="r">2014-11-06</subfield>
    <subfield code="s">2013-04-19</subfield>
    <subfield code="t">ej.2</subfield>
    <subfield code="w">2013-03-19</subfield>
    <subfield code="y">BK</subfield>
    <subfield code="z">COMPRA PROMED 2DA ETAPA, MARZO 2013</subfield>
  </datafield>
</record>
